000 00240nam a2200097Ia 4500
008 200302s9999 xx 000 0 und d
100 _aHenri Stierlin
245 _aArchitecture of World Greece
260 _bTaschen Verlag Gmbh
300 _a192 P.,
999 _c849
_d849